000 00865nas a2200301 4500
001 BR0201816
003 BR-BrBNA
005 20231205102843.0
007 ta
008 230509b bl.|||p| |||| 00| 00por d
040 _aBR-BrBNA
_bpor
_cBiblioteca Nacional de Agricultura
041 _a(En)
072 _aF30
100 1 _aSouza-Silva, M.
100 1 _aFontenelle, J.C.R.
100 1 _aMartins, R.P.
245 1 _aSeasonal abundance and species composition of flower-visiting flies
650 _aINSETO
650 _aMOSCA
650 _aPOLINIZAÇÃO
650 _aFLUTUAÇÃO POPULACIONAL
650 _aCOMPOSITAE
650 _aRHAMNACEAE
650 _aBORAGINACEAE
773 0 _tNeotropical Entomology (Brazil)
_xISSN 1519-566X
_g(Sep 2001), v. 30(3) p. 351-359
_wBR0201816
909 _a202311
_bLúcia
_c55
_dLúcia Elande
942 _2AGRIS
_n0
_cANA
999 _c169711
_d169711